[Event "40th Eastman Open Ghent"]
[Site "Ghent"]
[Date "2017.07.17"]
[Round "6"]
[White "Dgebuadze, Alexandre"]
[Black "Lammens, Tim"]
[Result "1-0"]
[WhiteElo "2524"]
[BlackElo "2304"]
[Annotator "TA"]
[PlyCount "33"]
[EventDate "2017.??.??"]
[EventType "swiss"]
[EventCountry "BEL"]
[SourceTitle "playchess.com"]
[Source "ChessBase"]
[SourceQuality "1"]

{[%evp 13,33,47,22,0,71,67,74,14,268,276,295,298,270,256,300,300,363,355,355,365,334,326]} 1. e4 c5 2. Nf3 g6 3. c4 Bg7 4. d4 Qa5+ 5. Nc3 d6 6. Be2 Bg4 7. dxc5 {A40: Unusual replies to 1 d4} dxc5 {LiveBook: 11 Games} 8. Qb3 Bxc3+ $146 (8... Nc6 $1 $11) ({Predecessor:} 8... Nc6 9. O-O O-O-O 10. Ng5 Be6 11. Be3 Nd4 12. Bxd4 Bxd4 13. Nd5 Qa6 14. Rad1 Bf6 15. Nxf6 Nxf6 {1-0 (37) Meyer,E (2460)-Ivanov,A (2460) Bermuda 1989}) 9. bxc3 $16 {White is better.} Nc6 {[#]} 10. Rb1 (10. O-O $1 $16) 10... Bxf3 $4 {[%mdl 8192]} (10... b6 $11 {and Black has nothing to worry.}) 11. Qxb7 $18 ({Less strong is} 11. Bxf3 b6 $14) 11... Bxe4 {aiming for ...Rd8.} 12. Qxa8+ Qd8 13. Qxd8+ Kxd8 14. Rb5 Bxg2 15. Rg1 Be4 16. f3 ({Don't play} 16. Rxc5 Nf6 $18) 16... Bf5 17. Rxc5 1-0

[Event "40th Eastman Open Ghent"]
[Site "Ghent"]
[Date "2017.07.17"]
[Round "6"]
[White "Ward, Chris G"]
[Black "Chatalbashev, Boris"]
[Result "0-1"]
[WhiteElo "2441"]
[BlackElo "2552"]
[Annotator "TA"]
[PlyCount "142"]
[EventDate "2017.??.??"]
[EventType "swiss"]
[EventCountry "BEL"]
[SourceTitle "playchess.com"]
[Source "ChessBase"]
[SourceQuality "1"]

{[%evp 11,142,62,60,52,37,47,118,115,112,113,108,101,125,118,119,123,118,124,135,122,185,172,146,150,145,142,150,149,158,143,159,158,160,167,159,162,276,25,50,0,0,0,0,-5,-5,-5,0,-8,-9,-8,-8,-10,-8,-17,0,0,0,-20,0,0,0,-8,-9,-14,0,-39,-8,-8,-8,-8,-8,-21,0,-9,-8,-270,-268,-255,0,-49,-34,-34,-70,-69,0,-22,8,8,0,-24,-32,-32,-32,-344,-340,-318,-318,-320,-314,-461,-454,-29967,-29973,-29986,-29987,-29987,-29983,-29987,-29984,-29986,-29987,-29988,-29987,-29987,-29988,-29987,-29987,-29991,-29992,-29992,-29993,-29993,-29993,-29994,-29994,-29996,-29997,-29997,-29998,-29998,-29997,-29997,-29998]} 1. e4 d6 2. d4 Nf6 3. Nc3 g6 4. Be3 c6 5. f3 Qb6 6. Qc1 Bg7 {LiveBook: 20 Games} 7. Nge2 {B07: Pirc Defence: Miscellaneous Systems} O-O 8. g4 Bxg4 $146 (8... Qa5 $14) ({Predecessor:} 8... c5 9. dxc5 dxc5 10. g5 Nfd7 11. f4 Nc6 12. Bg2 f6 13. h4 e6 14. O-O Nd4 15. Ng3 Qc7 16. Rf2 Nb6 17. Qf1 Bd7 18. Bh1 {½-½ (18) Galkin,A (2420)-Balashov,Y (2480) Krasnodar 1996}) 9. fxg4 $16 {White is better.} Nxg4 10. Bh3 Nxe3 11. Qxe3 e5 {[%cal Re5d4]} 12. O-O-O Na6 13. Qd2 exd4 14. Nxd4 Nc5 15. Bg2 a5 (15... Rfe8 $16 16. h4 h5) 16. h4 $18 h5 17. Bf3 Kh7 18. Kb1 $1 Rae8 19. Rhg1 Ne6 {[%cal Rb6d4]} 20. Nf5 gxf5 21. exf5 {f6 is the strong threat.} Bh6 22. Qxd6 Rd8 23. Qe5 $1 Qc5 (23... Rxd1+ {was worth a try.} 24. Rxd1 Nf4) 24. Qxc5 $2 (24. Bd5 $1 $18 Qd6 25. Qxd6 Rxd6 26. Ne4) 24... Rxd1+ 25. Bxd1 (25. Nxd1 {is interesting.} Nxc5 26. Bxh5 Ne4 27. c3 Nf6 28. Be2) 25... Nxc5 26. Bxh5 Bg7 27. Kc1 Bf6 28. Bf3 Re8 29. Kd2 Re5 30. Bg4 Kh6 31. Rh1 a4 32. a3 Ne4+ (32... Re8 $5 {[%cal Rf6c3]} 33. Bf3 Re5 $11) 33. Nxe4 Rxe4 $11 {[%mdl 4096] Endgame KRB-KRB} 34. Be2 (34. Bf3 $5 {[%cal Rf3e4]} Rxh4 35. Rxh4+ Bxh4 36. c3 $11) 34... Rf4 35. Bd3 Bxb2 36. Rb1 Bxa3 {Strongly threatening ...b5.} 37. Rxb7 Bb4+ 38. Ke2 Rxh4 39. Rxf7 Kg5 40. Ra7 a3 41. Kf3 Rh3+ 42. Kg2 Re3 43. Rg7+ $2 {[%mdl 8192] [#]} (43. Ra4 $11 {and White has nothing to worry.} Re1 44. Kf2) 43... Kf4 $1 $19 44. f6 {[#]} Re6 $2 ({Better is} 44... Bc5 $1 $19 45. Bc4 Rc3) 45. Rb7 Bc5 46. f7 Rf6 {( -> ...a2)} 47. Bc4 Ke3 (47... Kg4 $15 48. f8=Q Rxf8) 48. Rd7 Rg6+ 49. Kh3 Rf6 {White must now prevent ...Kf3.} 50. Kg2 Rf2+ 51. Kg3 Rxc2 52. Rd3+ $2 {[%mdl 8192]} ({White should play} 52. Bb3 $15 Rc3 53. Ba2) 52... Ke4 53. Ba6 a2 54. Rd1 {next Bd3+ is good for White.} Rc3+ 55. Kg4 (55. Kg2 $142) 55... Ra3 56. Bc4 (56. Re1+ $19 Kd4 57. Bb7) 56... a1=Q {Black mates.} 57. Rxa1 Rxa1 58. Kg5 Kd4 59. Be6 Rf1 60. Kg6 Bf8 61. Kg5 c5 62. Kg4 c4 63. Kg3 Rf6 64. Bxc4 Kxc4 65. Kg4 Rxf7 66. Kg5 Kd5 {[%cal Bc4d5,Bd5e5,Be5f5,Bf5f4,Bf4f3][%mdl 32]} 67. Kg4 Ke5 68. Kg5 Rg7+ 69. Kh4 Kf5 70. Kh3 Kf4 71. Kh2 Kf3 {Precision: White = 40%, Black = 52%.} 0-1

[Event "40th Eastman Open Ghent"]
[Site "Ghent"]
[Date "2017.07.17"]
[Round "6"]
[White "Sarrau, Jelle"]
[Black "Van Herck, Marcel"]
[Result "1-0"]
[WhiteElo "2363"]
[BlackElo "2156"]
[Annotator "TA"]
[PlyCount "43"]
[EventDate "2017.??.??"]
[EventType "swiss"]
[EventCountry "BEL"]
[SourceTitle "playchess.com"]
[Source "ChessBase"]
[SourceQuality "1"]

{[%evp 27,43,62,69,59,72,66,110,121,120,122,114,126,191,195,179,173,355,368]} 1. Nf3 c5 2. c4 g6 3. d4 cxd4 4. Nxd4 Bg7 5. e4 Nc6 6. Be3 Nf6 7. Nc3 Ng4 8. Qxg4 Nxd4 9. Qd1 Nc6 10. Rc1 Qa5 11. Qd2 O-O 12. Be2 d6 13. O-O Be6 14. b3 {B39: Sicilian: Maroczy Bind with 5...Bg7 and 7...Ng4} Rfc8 {LiveBook: 3 Games} 15. Kh1 a6 16. f4 {[%cal Bf2f4,Bf4f5][%mdl 32] [#] White is better.} b5 $146 {and if ...bxc4 works, Black does fine.} ({Predecessor:} 16... Rab8 17. h3 Rd8 18. Rfd1 Nb4 19. Na4 b5 20. Bb6 Rxb6 21. Nxb6 Rb8 22. f5 Qxa2 23. Qxb4 Qxe2 24. fxe6 Rxb6 25. c5 Rc6 26. cxd6 Rc2 27. Rg1 {1-0 (27) Landa,K (2669)-Nechepurenko,R (2510) Krasnoyarsk 2007}) 17. f5 (17. cxb5 $6 axb5 18. f5 Bxc3 $11) 17... Bd7 18. Nd5 ({Of course not} 18. cxb5 $6 Bxc3 19. Rxc3 (19. Qxc3 axb5 20. f6 Qxc3 $11) 19... axb5 $14) 18... Qxd2 19. Bxd2 Bd4 (19... Rab8 $16 {keeps fighting.}) 20. cxb5 $18 axb5 21. Bxb5 Rxa2 $2 {[#]} (21... Kg7 {was called for.} 22. a4 Ne5) 22. Bxc6 1-0

[Event "40th Eastman Open Ghent"]
[Site "Ghent"]
[Date "2017.07.17"]
[Round "6"]
[White "Hamblok, Roel"]
[Black "Kitze, Alexander"]
[Result "1/2-1/2"]
[WhiteElo "2305"]
[BlackElo "2177"]
[Annotator "TA"]
[PlyCount "43"]
[EventDate "2017.??.??"]
[EventType "swiss"]
[EventCountry "BEL"]
[SourceTitle "playchess.com"]
[Source "ChessBase"]
[SourceQuality "1"]

{[%evp 22,43,22,33,64,81,85,0,14,22,22,14,28,18,34,-74,-82,-84,-89,-93,-81,-83,-78,-91]} 1. e4 c5 2. Nc3 Nc6 3. Bb5 Nd4 4. Bc4 g6 5. Nf3 Bg7 6. Nxd4 cxd4 7. Qf3 Nh6 8. Ne2 O-O 9. d3 Ng4 {B23: Closed Sicilian: Lines without g3} 10. Bb3 d6 11. Qg3 a5 12. a4 {LiveBook: 20 Games} Bd7 (12... Nf6 13. O-O Nd7 14. Bg5 Nc5 15. Qh4 Re8 16. Bd5 Be6 17. Bxe6 Nxe6 {1-0 (60) Svidler,P (2727)-Leko,P (2741) Dortmund 2004}) 13. h3 Nf6 14. Qh4 (14. Nxd4 $16 Nxe4 15. dxe4 Bxd4 16. c3) 14... Qb6 15. O-O Qc5 $146 ({Predecessor:} 15... Bc6 16. Bg5 Rfe8 17. Kh1 {½-½ (66) Thormann,W (2272)-Zierke,O (2273) Germany 2012}) 16. Bd2 b5 17. Rfc1 b4 18. f4 {[#]} (18. Rab1 $14 {keeps the upper hand.}) 18... Nxe4 $1 $17 {[%mdl 512] Black is better.} 19. dxe4 {Kh1 is the strong threat.} d3+ $1 20. Qf2 {And now Be3 would win.} Qxf2+ 21. Kxf2 dxe2 22. Rab1 1/2-1/2

[Event "40th Eastman Open Ghent"]
[Site "Ghent"]
[Date "2017.07.17"]
[Round "6"]
[White "Harakis, Alexis M"]
[Black "Kovalev, Andrei"]
[Result "0-1"]
[WhiteElo "2284"]
[BlackElo "2517"]
[Annotator "TA"]
[PlyCount "64"]
[EventDate "2017.??.??"]
[EventType "swiss"]
[EventCountry "BEL"]
[SourceTitle "playchess.com"]
[Source "ChessBase"]
[SourceQuality "1"]

{[%evp 29,64,7,5,-16,-25,-37,-36,-62,-47,-70,-64,-100,-81,-183,-109,-173,-177,-176,-175,-504,-524,-498,-480,-561,-537,-1390,-1387,-1374,-1370,-1316,-1311,-1311,-1229,-1983,-1944,-1762,-1757]} 1. d4 Nf6 2. c4 g6 3. Nc3 Bg7 4. e4 d6 5. Nge2 Nbd7 6. f3 c5 7. d5 Ne5 8. Bg5 O-O 9. Nc1 h6 10. Be3 e6 11. Qd2 exd5 12. cxd5 a6 13. a4 h5 14. Be2 Nh7 15. O-O f5 {LiveBook: 19 Games} 16. exf5 {A65: Modern Benoni: 6 e4} Bxf5 17. a5 Qe7 18. Ra4 $146 {Black is slightly better.} ({Predecessor:} 18. Ra3 Rae8 19. Na4 Nf6 20. Nb6 Nfd7 21. Bg5 Bf6 22. Bxf6 Rxf6 23. Nxd7 Bxd7 {0-1 (37) Roa Alonso,S (2358)-Moreno Ruiz,J (2395) Madrid 2000}) 18... Rae8 19. Bf2 Bd7 {Strongly threatening ...Nxf3+!} 20. Ra3 g5 21. Re1 (21. Rb3 $17 {keeps fighting.} Bf5 22. Rb6) 21... Qf7 ({Black should try} 21... g4 $19 {[%cal Rg4f3]} 22. f4 Bh6) 22. Ne4 (22. Rf1 $17) 22... Qg6 $19 23. Kh1 g4 24. b4 $2 (24. Bg3 {is a better chance.}) 24... gxf3 {Black is clearly winning.} 25. gxf3 {[#]} Bg4 $1 {[%mdl 512]} 26. fxg4 Qxe4+ 27. Kg1 {[#]} Rxf2 $1 {[%mdl 512]} 28. Kxf2 Nxg4+ 29. Bxg4 Bd4+ 30. Ree3 hxg4 31. Qe2 Bxe3+ 32. Qxe3 Qf5+ {Precision: White = 15%, Black = 100%.} 0-1

[Event "40th Eastman Open Ghent"]
[Site "Ghent"]
[Date "2017.07.17"]
[Round "6"]
[White "Froeyman, Helmut"]
[Black "van Akkeren, Arno"]
[Result "1-0"]
[WhiteElo "2264"]
[BlackElo "2086"]
[Annotator "TA"]
[PlyCount "67"]
[EventDate "2017.??.??"]
[EventType "swiss"]
[EventCountry "BEL"]
[SourceTitle "playchess.com"]
[Source "ChessBase"]
[SourceQuality "1"]

{[%evp 12,67,60,43,68,94,81,79,125,64,90,72,90,79,76,12,60,5,6,27,16,24,26,1,60,68,77,68,70,70,63,61,64,76,57,0,66,68,82,82,95,79,86,58,68,54,183,143,520,519,702,694,687,672,662,655,724,715]} 1. e4 e5 2. Nf3 Nc6 3. Bb5 g6 4. O-O Bg7 5. c3 Nge7 6. d4 O-O 7. d5 {LiveBook: 7 Games. C60: Ruy Lopez: Unusual Black 3rd moves and 3...g6} Nb8 8. d6 cxd6 (8... Nec6 9. Bg5 f6 10. Be3 cxd6 11. Qxd6 Re8 12. Rd1 Kh8 13. Bc4 Bf8 14. Qd5 Ne7 {½-½ (23) Kroeze,F (2419)-Ernst,S (2488) Almelo 2006}) 9. Qxd6 {White is better.} a6 10. Bg5 $146 (10. Bc4 $16) ({Predecessor:} 10. Bc4 b5 11. Bg5 Nbc6 12. Bd5 Ra7 13. Rd1 Qe8 14. a4 h6 15. Bxe7 Nxe7 16. axb5 Nxd5 17. Qxd5 {1-0 (33) Jurcik,M (2359)-Zvarik,M (2242) Teplicka nad Vahom 2013}) 10... f6 $14 11. Bc4+ Kh8 12. Be3 b5 13. Bb6 ({White should try} 13. Bb3 $16) 13... Qe8 $11 14. Bd5 (14. Bb3 $14) 14... Nxd5 15. Qxd5 Nc6 {[%cal Bb8c6,Bc6d8,Bd8e6,Be6f4][%mdl 32]} 16. Rd1 Rf7 17. a4 Bb7 (17... bxa4 $11 18. Rxa4 Rb8) 18. axb5 $14 Nd8 19. Qd3 {[%cal Rb5a6]} axb5 20. Rxa8 Bxa8 21. Na3 Ne6 22. Nxb5 {[#] Hoping for Nd6.} Bf8 23. c4 ({Better is} 23. Be3 $14) 23... Qb8 ({Black should play} 23... Nf4 $1 $11 24. Qe3 Qe6) 24. Ba7 Qb7 25. Nd2 f5 {[%cal Rf5e4]} 26. f3 $36 {[%mdl 2048] White is on the roll.} Nf4 27. Qe3 Kg8 28. Bc5 {Strongly threatening Bxf8.} Bh6 (28... fxe4 $14 29. Nxe4 Qc6) 29. Qa3 Rf6 $2 {[%mdl 8192] [#]} (29... Bf8 $16 {is more resistant.} 30. Bxf8 Rxf8) 30. Ra1 $18 {White is clearly winning.} Ne6 31. Qxa8+ Qxa8 32. Rxa8+ Kg7 33. Bb4 Nd4 34. Rd8 {Precision: White = 64%, Black = 44%.} 1-0

[Event "40th Eastman Open Ghent"]
[Site "Ghent"]
[Date "2017.07.17"]
[Round "6"]
[White "Cordts, Ingo"]
[Black "Beinroth, Marcel"]
[Result "1-0"]
[WhiteElo "2259"]
[BlackElo "1904"]
[Annotator "TA"]
[PlyCount "41"]
[EventDate "2017.??.??"]
[EventType "swiss"]
[EventCountry "BEL"]
[SourceTitle "playchess.com"]
[Source "ChessBase"]
[SourceQuality "1"]

{[%evp 21,41,40,49,39,37,41,43,33,41,38,101,104,104,104,350,357,331,269,370,290,344,344]} 1. Nf3 Nf6 2. c4 g6 3. Nc3 d6 4. d4 Bg7 5. e4 O-O 6. Be2 Nbd7 7. O-O e5 8. Re1 Re8 9. Bf1 exd4 10. Nxd4 Nc5 11. f3 Ne6 12. Nde2 {E95: King's Indian: Classical: 7...Nbd7 8 Re1} b6 $146 ({Predecessor:} 12... Nh5 13. Be3 Be5 14. Qd2 g5 15. g3 Qf6 16. Bg2 c6 17. Rf1 Qg7 18. f4 gxf4 19. gxf4 Bf6 {1-0 (30) Cruz,C (2525)-Rius Marse,J (2011) Sitges 2009}) 13. Be3 Bb7 14. Qd2 {White is slightly better.} Qe7 15. Nd5 Nxd5 ({Black should try} 15... Qd8 $14) 16. cxd5 $16 Nc5 17. Nd4 Nxe4 $2 {[#]} (17... a5 $16) 18. fxe4 $18 Qxe4 19. Bb5 Re5 20. Nc6 Rxd5 {[#]} 21. Qxd5 $1 {[%mdl 512]} 1-0

[Event "40th Eastman Open Ghent"]
[Site "Ghent"]
[Date "2017.07.17"]
[Round "6"]
[White "Lacrosse, Marc"]
[Black "Hunt, Adam C"]
[Result "1/2-1/2"]
[WhiteElo "2185"]
[BlackElo "2424"]
[Annotator "TA"]
[PlyCount "58"]
[EventDate "2017.??.??"]
[EventType "swiss"]
[EventCountry "BEL"]
[SourceTitle "playchess.com"]
[Source "ChessBase"]
[SourceQuality "1"]

{[%evp 22,58,53,40,66,62,65,85,84,77,71,70,63,-50,0,-19,0,0,0,2,14,12,10,10,27,6,25,25,27,5,15,18,15,0,9,9,29,29,29]} 1. d4 Nf6 2. c4 g6 3. Nc3 Bg7 4. e4 d6 5. Be2 O-O 6. Be3 e5 7. Nf3 Nbd7 8. O-O h6 9. dxe5 dxe5 10. Qc2 {E94: King's Indian: Classical: 6 Be2 e5 7 0-0: Various Black 7th moves} (10. Qc1 Ng4 11. Bd2 Kh7 12. Ng5+ hxg5 13. Bxg4 f6 14. Rd1 c6 15. Na4 Qe7 16. Qc3 Nb6 17. Bxc8 Raxc8 18. Qh3+ {1-0 (70) Zhou,J (2629)-Mamedov,R (2634) Khanty-Mansiysk 2009}) 10... c6 11. Rad1 Qe7 12. h3 {LiveBook: 8 Games. White is slightly better.} Ne8 13. a3 $146 ({Predecessor:} 13. Qc1 Kh7 14. Bd3 Nc7 15. Nh2 Nc5 16. Bb1 N5e6 17. Ne2 b6 18. f4 exf4 19. Nxf4 {0-1 (67) Csiba,T (1554)-Czimer,J (1715) Budapest 2014}) 13... f5 14. b4 f4 15. Bc1 g5 16. Nh2 Ndf6 17. f3 (17. c5 $14) 17... h5 18. c5 Nc7 19. Nb1 {[%cal Bc3b1,Bb1d2,Bd2b3][%mdl 32]} Ne6 20. Bb2 Qc7 (20... Nd4 $5 21. Bxd4 exd4 $11) 21. Nd2 b5 22. Nb3 Bd7 23. Rd2 Rad8 24. Rfd1 $36 {[%mdl 2048] Black is under pressure.} Bc8 25. Rxd8 (25. Rd6 {seems wilder.} Ne8 26. Rxd8 Nxd8 27. Nc1 Qe7 28. Nd3) 25... Rxd8 26. Rxd8+ Nxd8 27. Qd2 (27. a4 $5 {[%cal Ra4b5]}) 27... Ne8 28. Nf1 Qd7 29. Qxd7 Bxd7 {Precision: White = 53%, Black = 24%.} 1/2-1/2

[Event "40th Eastman Open Ghent"]
[Site "Ghent"]
[Date "2017.07.17"]
[Round "6"]
[White "Vandelacluze, Ian"]
[Black "Michielsen, Joost"]
[Result "0-1"]
[WhiteElo "2158"]
[BlackElo "2409"]
[Annotator "TA"]
[PlyCount "86"]
[EventDate "2017.??.??"]
[EventType "swiss"]
[EventCountry "BEL"]
[SourceTitle "playchess.com"]
[Source "ChessBase"]
[SourceQuality "1"]

{[%evp 18,86,14,-8,30,30,33,15,29,18,20,8,10,0,0,0,12,2,2,-22,-22,-106,-106,-106,-100,-104,-106,-111,-111,-117,-107,-132,-132,-139,-135,-150,-151,-172,-126,-125,-95,-177,-168,-194,-162,-155,-183,-162,-158,-295,-308,-298,-286,-267,-280,-313,-311,-383,-375,-997,-896,-1153,-1091,-952,-977,-29992,-29993,-29993,-29994,-29994,-29995]} 1. c4 e5 2. Nc3 Nf6 3. Nf3 Nc6 4. g3 Bc5 5. Bg2 d6 6. O-O a6 7. d3 O-O 8. a3 Ba7 9. b4 h6 10. Be3 {LiveBook: 4 Games. A29: English Opening: Four Knights Variation with 4 g3} (10. Bb2 Re8 11. e3 Ne7 12. Nd2 Rb8 13. Nde4 Ng6 14. Rc1 c6 15. c5 Nxe4 16. Nxe4 d5 17. Nd6 Bd7 18. Nxe8 Qxe8 {0-1 (44) Grischuk,A (2754)-Carlsen,M (2857) chess.com INT 2016}) 10... Be6 11. Bxa7 Rxa7 12. Nd2 {White is slightly better.} d5 $146 ({Predecessor:} 12... Nd4 13. f4 Ng4 14. Qc1 Ne3 15. Rf2 Nxg2 16. Kxg2 {1-0 (92) Novik,M-Chekletsova,D (1497) Budva 2013}) 13. cxd5 Nxd5 14. Nxd5 Bxd5 15. Bxd5 Qxd5 16. Qb3 Rd8 (16... Qd6 {keeps more tension.} 17. Ne4 Nd4 18. Qa2 Qg6 19. Kg2 Rd8) 17. Qxd5 Rxd5 18. Rab1 Nd4 19. Rfe1 (19. e3 $11 Ne6 20. Rb3) 19... Nc2 $17 20. Rec1 Nxa3 21. Ra1 Nb5 22. Nc4 f6 23. Ne3 Rd7 24. Nf5 h5 25. Rc5 c6 26. f4 exf4 27. gxf4 Ra8 28. Kf2 Re8 29. h4 {[#]} (29. Rg1 $17 {was worth a try.}) 29... Nd4 $1 $19 30. Nxd4 Rxd4 {[%mdl 4096] Endgame KRR-KRR} 31. Kf3 Rxb4 32. Rxh5 b6 33. Rf5 (33. Rg1 $17) 33... Kf7 34. h5 Ke6 35. e4 Rd8 36. Ra3 a5 37. Ke3 a4 {[#] Threatens to win with ...Rb3.} 38. Ra1 $2 (38. Rc3 c5 39. Ra3) 38... Rb3 39. Rxa4 Rbxd3+ 40. Ke2 Rd2+ 41. Kf3 R8d3+ {Black mates.} 42. Kg4 Rg2+ 43. Kh4 Rgg3 {Precision: White = 23%, Black = 77%.} 0-1

[Event "40th Eastman Open Ghent"]
[Site "Ghent"]
[Date "2017.07.17"]
[Round "6"]
[White "Goormachtigh, Johan"]
[Black "Michiels, Bart"]
[Result "0-1"]
[WhiteElo "2156"]
[BlackElo "2536"]
[Annotator "TA"]
[PlyCount "46"]
[EventDate "2017.??.??"]
[EventType "swiss"]
[EventCountry "BEL"]
[SourceTitle "playchess.com"]
[Source "ChessBase"]
[SourceQuality "1"]

{[%evp 19,46,-17,-15,-40,-8,-8,-50,-63,9,-71,-56,-178,-162,-522,-371,-589,-573,-472,-456,-443,-380,-649,-322,-268,-264,-368,-345,-772,-762]} 1. d4 d5 2. c4 e6 3. Nc3 Be7 4. Nf3 Nf6 5. Bf4 O-O 6. e3 b6 7. cxd5 Nxd5 8. Nxd5 {D37: Queen's Gambit Declined: 5 Bf4} Qxd5 9. Bd3 Qa5+ (9... Ba6 10. O-O Bxd3 11. Qxd3 c5 12. e4 Qb7 13. d5 exd5 14. exd5 Nd7 15. Rfe1 Rfe8 {1-0 (38) Korobov,A (2692)-Yu,Y (2729) Doha 2016}) 10. Ke2 c5 {LiveBook: 8 Games} 11. Qe1 Qa4 12. Qd1 Qe8 13. Qc2 $146 ({Predecessor:} 13. Re1 cxd4 14. Nxd4 Bb4 15. a3 Bxe1 16. Kxe1 {½-½ (54) Bach,W (2161)-Andersen,J (2094) GER email 2013}) 13... h6 (13... Nc6 $15 14. a3 (14. Bxh7+ Kh8 $11) 14... cxd4) 14. dxc5 {[#]} (14. Rac1 $11 {keeps the balance.}) 14... Na6 $1 $17 15. a3 (15. Bc4 $1 $15) 15... Nxc5 $19 16. Bh7+ $2 (16. Bc4 Bb7 17. Nd4) 16... Kh8 17. b4 (17. Bd3 {was the only defense.} Bb7 18. Rhd1) 17... Ba6+ 18. Ke1 f5 {Threatens to win with ...Nd3+.} 19. bxc5 Rc8 ({Weaker is} 19... Kxh7 20. c6 $17) 20. Ne5 $2 (20. Qb3 Rxc5 21. Be5) 20... Kxh7 (20... Rxc5 $142 21. Qd1 Kxh7) 21. c6 {[#]} Bb5 $1 {[%cal Rb5c6]} 22. Qb2 Bxc6 23. Nxc6 $2 (23. Kf1) 23... Qxc6 {Precision: White = 10%, Black = 59%.} 0-1

[Event "40th Eastman Open Ghent"]
[Site "Ghent"]
[Date "2017.07.17"]
[Round "6"]
[White "Lindam, Ingo"]
[Black "Van Mechelen, Jan"]
[Result "0-1"]
[WhiteElo "2088"]
[BlackElo "2247"]
[Annotator "TA"]
[PlyCount "52"]
[EventDate "2017.??.??"]
[EventType "swiss"]
[EventCountry "BEL"]
[SourceTitle "playchess.com"]
[Source "ChessBase"]
[SourceQuality "1"]

{[%evp 17,52,54,52,31,33,39,43,27,12,9,28,28,34,50,81,0,0,0,0,-74,46,0,0,-33,-43,-54,-29,-285,-308,-1078,-670,-29987,31,-29988,-29989,-29989,-29990]} 1. d4 Nf6 2. c4 e6 3. Nf3 c5 4. d5 b5 5. dxe6 fxe6 6. cxb5 Bb7 7. Nc3 Be7 8. g3 {E10: Blumenfeld Gambit} (8. Bg5 O-O 9. e3 d5 10. Bd3 Nbd7 11. O-O Kh8 12. Re1 Ng4 13. Bxe7 Qxe7 14. h3 Nge5 15. Nxe5 Nxe5 {1-0 (39) Bacrot,E (2592)-Koch,J (2510) Besancon 1999}) 8... O-O 9. Bg2 a6 {LiveBook: 3 Games} 10. bxa6 {White is slightly better.} Rxa6 11. O-O d5 12. Bg5 $146 ({Predecessor:} 12. Ng5 h6 13. Nh3 e5 14. e4 d4 15. Qb3+ Kh8 16. Qxb7 Rb6 17. Qa7 Ra6 18. Qb7 Rb6 19. Qa7 {½-½ (19) Sadilek,P (2275)-Umudova,N (2233) Vienna 2013}) 12... Nbd7 13. Nd2 h6 14. Bxf6 $1 Nxf6 15. e4 Qb8 16. Re1 (16. exd5 $16 {Re1 is the strong threat.} exd5 17. Qe2) 16... c4 $1 $11 17. exd5 {And now Qe2 would win.} Bc5 {[%cal Re6d5]} 18. Nf3 ({Wrong is} 18. dxe6 $2 {[#]} Bxf2+ $1 {[%mdl 512]} 19. Kh1 (19. Kxf2 Ng4+ 20. Kg1 Qa7+ 21. Re3 Qxe3+ 22. Kh1 Nf2+ 23. Kg1 Nxd1+ 24. Kh1 Qe1+ 25. Nf1 Rxf1#) 19... Bxe1 $19) (18. Nce4 $11 {remains equal.} Nxe4 19. Nxe4) 18... Bxd5 (18... Ng4 $17 19. Rf1 (19. Ne4 Ba7 $19) 19... exd5) 19. Nxd5 $14 exd5 20. Qc2 Ng4 $36 {[%cal Bf6g4,Bg4f2,Bf2h3][%mdl 2080] Black is more active.} 21. Re2 Raf6 22. Nh4 $2 {[%mdl 8192]} (22. Qc3 $1 $11 {and White has nothing to worry.}) 22... Qd6 $19 {Threatens to win with ...g5.} ({Weaker is} 22... Bxf2+ 23. Kh1 $17) 23. Rd1 $2 (23. Rf1) 23... Nxf2 24. Rxd5 Nh3+ 25. Kh1 {[#]} Rf1+ $1 {[%mdl 512]} 26. Bxf1 Qxd5+ {Precision: White = 38%, Black = 66%.} 0-1

[Event "40th Eastman Open Ghent"]
[Site "Ghent"]
[Date "2017.07.17"]
[Round "6"]
[White "Van Kessel, Wessel"]
[Black "Abolianin, Arthur"]
[Result "0-1"]
[WhiteElo "2040"]
[BlackElo "2329"]
[Annotator "TA"]
[PlyCount "32"]
[EventDate "2017.??.??"]
[EventType "swiss"]
[EventCountry "BEL"]
[SourceTitle "playchess.com"]
[Source "ChessBase"]
[SourceQuality "1"]

{[%evp 9,32,-25,0,-6,0,-45,-41,-51,-46,-55,-58,-105,-103,-138,-105,-215,-138,-306,-163,-189,-172,-183,-183,-341,-206]} 1. e4 g6 2. Nc3 Bg7 3. f4 c6 (3... c5 4. Nf3 Nc6 5. g3 Rb8 6. Bg2 b5 7. d3 b4 8. Ne2 d5 9. exd5 Qxd5 10. O-O Bb7 11. Ne5 Qd6 12. Nc4 Qd7 13. c3 Nd8 14. Bxb7 Rxb7 15. Be3 Ne6 16. Ne5 {1-0 (45) Muzychuk,A (2520)-Stefanova,A (2530) Munich 2016}) 4. Qf3 d6 {[%cal Bd7d6,Bd6e5,Be5e4][%mdl 32]} 5. a4 Nf6 $146 ({Predecessor:} 5... e6 6. Bc4 d5 7. Bb3 Ne7 8. d3 Nd7 9. Qf2 Qb6 10. Nge2 Qxf2+ 11. Kxf2 {½-½ (56) Jiroveanu,G (2225)-Dumitrache,D (2420) Eforie Nord 1998}) 6. h3 {B06: Modern Defence} O-O 7. d4 {[#]} e5 $1 {[%mdl 512]} 8. dxe5 {Black is slightly better.} dxe5 9. f5 gxf5 {...Nxe4 is the strong threat.} 10. exf5 {[#]} e4 $1 {[%cal Re4f3][%mdl 512]} 11. Qf2 (11. Nxe4 Nxe4) 11... Qa5 $36 {[%mdl 2048] Black is in control.} 12. g4 (12. Nge2 $17) 12... Nd5 13. Nge2 $2 (13. Ra3 $17 {only move.}) 13... Nxc3 (13... Re8 $142 14. f6 e3) 14. Bd2 $19 {[%cal Rd2c3]} e3 $1 {[%cal Re3d2]} 15. Qxe3 {[%cal Rd2c3]} Nd5 16. Qg5 $2 (16. Qa3 Qc7 17. O-O-O) 16... Qd8 {Precision: White =  9%, Black = 48%.} 0-1